000 00976nam a2200241 i 4500
001 bg
100 1 _aUFNALSKI, Waldemar
_d(1942- )
245 1 0 _aObliczenia fizykochemiczne na twoim PC :
_bproblemy, algorytmy, programy, zajęcia wspomagane mikrokomputerem : podstawy termodynamiki /
_cWaldemar Ufnalski.
260 _aWarszawa :
_bWydawnictwa Naukowo-Techniczne,
_c1997.
300 _a420 s. :
_brys., wykr. ;
_c24 cm +
_edyskietka.
504 _aBibliogr. s. 417-420.
521 _aPodręcznik dla studentów i doktorantów specjalizujących się w chemii fizycznej, pracowników nauk., projektantów urządzeń technologicznych.
650 9 _aChemia fizyczna
_xautomatyzacja
650 9 _aKomputery
_xstosowanie
_xchemia
655 _aPodręczniki akademickie
020 _a8320420962
040 _cBPK
041 0 _apl
080 _a544.01:536.7:519.688:681.322.004](075.8)
920 _a83-204-2096-2
942 _cKS
008 s pl f |000 0 pol
999 _c32256
_d32256
856 _uhttp://koha.tu.koszalin.pl/cgi-bin/koha/opac-detail.pl?biblionumber=32256
_yKatalog online BPK